Städte am Bodensee auf einer Karte - Statistiken

Allgemein
  • Dieses Quiz wurde 404 mal gespielt
  • Das Durchschnittsergebnis liegt bei 6 aus 11
Antworten auf der Karte
Die Antworten werden auf der Karte rot bzw. grün angezeigt, abhängig davon wie oft sie richtig erraten wurden.
 
Antwortstatistiken
Einwohner Städte % Korrekt
84,760 Konstanz
97%
60,865 Friedrichshafen
86%
29,806 Bregenz
84%
25,490 Lindau
84%
22,554 Überlingen
59%
21,997 Kreuzlingen
47%
31,203 Radolfzell
45%
11,165 Romanshorn
42%
9,439 Rorschach
29%
14,633 Arbon
27%
13,632 Hard
21%
Keine übereinstimmenden Quizze gefunden
Verteilung der Resultate
Anzahl Personen mit jedem Resultat
Perzentil nach korrekt beantworteten Fragen
Ihre Resultats-Entwicklung
Sie haben dieses Quiz noch nicht gespielt